Evaluación y mejoramiento de las condiciones de operación en los secadores del trillo San Benito.
Expone un estudio experimental sobre la influencia de las condiciones del aire de secado en la calidad del grano, específicamente la temperatura, así como evaluar y mejorar el sistema de secadores del trillo San Benito, ubicado en el municipio de Sébaco. Contiene la importancia del secado en la p...
| Main Author: | |
|---|---|
| Other Authors: | |
| Format: | Tesis Section = Libro |
| Language: | Undetermined Spanish |
| Published: |
Managua
UNI
1993
|
| Subjects: |
| LEADER | 01218nam a2200241Ia 4500 | ||
|---|---|---|---|
| 008 | 240830s9999 xx 000 0 und d | ||
| 040 | |a BIBLIOTECA-RUSB/ Mon 541.39 M228 | ||
| 041 | |a spa | ||
| 082 | |a Mon 541.39 M228 | ||
| 100 | 1 | |a Mairena Dávila, Abraham | |
| 245 | 1 | 0 | |a Evaluación y mejoramiento de las condiciones de operación en los secadores del trillo San Benito. |
| 260 | |a Managua |b UNI |c 1993 | ||
| 300 | |a 61 p. :il. | ||
| 500 | |a Contiene: apéndice y tablas. | ||
| 502 | |a Tesis (Ingeniero Químico) - UNI, 1993. | ||
| 520 | 3 | |a Expone un estudio experimental sobre la influencia de las condiciones del aire de secado en la calidad del grano, específicamente la temperatura, así como evaluar y mejorar el sistema de secadores del trillo San Benito, ubicado en el municipio de Sébaco. Contiene la importancia del secado en la producción de granos, diagrama de proceso, descripción del proceso de secado, factores importantes a considerar durante el secado, secado convectivo, equilibrio, cinética. | |
| 650 | 7 | |a REACCIONES Y SINTESIS QUIMICA | |
| 650 | 7 | |b TRILLADO | |
| 650 | 7 | |c SECADORES | |
| 700 | 1 | |a Tutor: |b Tórrez Mairena, Norvin | |
| 942 | |c BK |2 ddc | ||
| 991 | |a TESIS | ||
| 999 | |c 19995 | ||